| 000 | 00506nam a2200145Ia 4500 | ||
|---|---|---|---|
| 008 | 170221s9999 xx 000 0 und d | ||
| 100 | _aAbu H Ayob | ||
| 245 | _aBuying Local or Imported Goods? Profiling Non-income Consumers in Developing Countries | ||
| 245 | _cAbu H Ayob, Wan Mohd Hirwani Wan Hussain | ||
| 260 | _bInternational Review of Management and Marketing | ||
| 260 | _c2016 | ||
| 300 | _a6 : 4 | ||
| 650 | _xMarketing. | ||
| 856 | _uhttp://www.econjournals.com/index.php/irmm/issue/view/88 | ||
| 999 |
_c308138 _d308138 |
||